|
|
|
|
| LEADER |
00000nam a2200000Ia 4500 |
| 008 |
170629b2017 cr a|||| |||| 00| | spa d |
| 999 |
|
|
|c 1194
|d 1194
|
| 020 |
|
|
|a 9789968527408
|
| 090 |
|
|
|a 02.04.02
|b 2315
|
| 100 |
1 |
|
|a Cabezas Pizarro, Hannia
|9 1117
|
| 245 |
1 |
0 |
|a Acoso entre iguales en la escuela: Algunos lineamientos para la intervención docente /
|c Hannia Cabezas Pizarro
|
| 260 |
|
|
|a [San José, Costa Rica] :
|b INIE,
|c 2017
|
| 300 |
|
|
|a 58 páginas;
|b ilustraciones
|
| 490 |
|
|
|a Colección Yigüirro
|
| 650 |
1 |
4 |
|a VIOLENCIA
|9 71
|
| 650 |
1 |
4 |
|a ACOSO
|9 1630
|
| 650 |
1 |
4 |
|a AGRESIÓN
|9 721
|
| 650 |
1 |
4 |
|a RELACIONES ENTRE PARES
|9 1631
|
| 942 |
|
|
|i 004341
|h 02.04.02 2315
|2 z
|c 01
|